000 00537nam a2200205Ia 4500
003 OSt
005 20220107122558.0
008 130318s9999 xx 000 0 und d
020 _a8173662819
040 _c
082 _a005.133JM ECK/J
100 _aShirazi, Jack
_97420
245 _aJava performance tuning
260 _bOreilly/Shroff Publishers and Distributors
_aMumbai
_c2000
300 _a426
650 _aJAVA
_97421
650 _aOBJECT ORIENTED PROGRAMMING
_97422
650 _aPROGRAMMING LANGUAGE
_97423
942 _2ddc
_cBK
999 _c81
_d81